The complete prenatal & postnatal workout
| Main Author: | |
|---|---|
| Format: | Book |
| Published: |
Sydney :
Bantam Books ,
1988
|
| Subjects: |
MARC
| LEADER | 00000cam a2200000 7i4500 | ||
|---|---|---|---|
| 001 | 0000001143 | ||
| 002 | 000001261 | ||
| 005 | 20000330.0 | ||
| 020 | |a 094718919X | ||
| 090 | 0 | 0 | |a 618.24 |b COM |
| 100 | 1 | |a McKessar, Michelle | |
| 245 | 1 | 4 | |a The complete prenatal & postnatal workout |c Michelle McKessar |
| 260 | |a Sydney : |b Bantam Books , |c 1988 | ||
| 300 | |a 109p. : |b ill. ; |c 28cm. | ||
| 650 | 0 | 0 | |a Postnatal care |
| 650 | 0 | 0 | |a Prenatal care |
| 999 | |a 030314 |b BUKU |c PINJAMAN |e PERPUSTAKAAN KOMUNITI PETALING JAYA | ||
| 999 | |a 030315 |b BUKU |c PINJAMAN |e PERPUSTAKAAN KOMUNITI PETALING JAYA | ||